Statistics for Every Song by My Chemical Romance

Click here to take the quiz!

General Stats

  • This quiz has been taken 333 times
    (162 since last reset)
  • The average score is 42 of 83

Answer Stats

AlbumSong% Correct
The Black Parade(2006)Welcome to the Black Parade
89%
Three Cheers for Sweet Revenge(2004)Helena
88%
Danger Days: The True Lives of the Fabulous Killjoys(2010)Na Na Na(Na Na Na Na Na Na Na Na Na)
83%
Three Cheers for Sweet Revenge(2004)I'm Not Okay(I Promise)
78%
The Black Parade(2006)The End
74%
The Black Parade(2006)Dead!
72%
The Black Parade(Hidden)(2006)Blood
70%
The Black Parade(2006)Famous Last Words
70%
The Black Parade(2006)Mama
70%
The Black Parade(2006)Teenagers
70%
The Black Parade(2006)Cancer
68%
Three Cheers for Sweet Revenge(2004)The Ghost of You
68%
The Black Parade(2006)The Sharpest Lives
68%
The Black Parade(2006)Disenchanted
67%
Danger Days: The True Lives of the Fabulous Killjoys(2010)SING
67%
The Black Parade(2006)House of Wolves
66%
Danger Days: The True Lives of the Fabulous Killjoys(2010)Vampire Money
63%
I Brought You My Bullets, You Brought Me Your Love(2002)Vampires Will Never Hurt You
63%
Three Cheers for Sweet Revenge(2004)Cemetery Drive
62%
The Black Parade(2006)Sleep
62%
Three Cheers for Sweet Revenge(2004)You Know What They Do to Guys Like Us in Prison
62%
I Brought You My Bullets, You Brought Me Your Love(2002)Demolition Lovers
61%
I Brought You My Bullets, You Brought Me Your Love(2002)Romance
61%
Three Cheers for Sweet Revenge(2004)Thank You for the Venom
61%
The Black Parade(2006)I Don't Love You
59%
Danger Days: The True Lives of the Fabulous Killjoys(2010)Bulletproof Heart
58%
I Brought You My Bullets, You Brought Me Your Love(2002)Cubicles
58%
Danger Days: The True Lives of the Fabulous Killjoys(2010)DESTROYA
58%
Three Cheers for Sweet Revenge(2004)Give 'Em Hell, Kid
58%
Danger Days: The True Lives of the Fabulous Killjoys(2010)Party Poison
58%
Danger Days: The True Lives of the Fabulous Killjoys(2010)S/C/A/R/E/C/R/O/W
58%
Three Cheers for Sweet Revenge(2004)To the End
58%
Conventional Weapons(2012)AMBULANCE
57%
The Black Parade(2006)This is How I Disappear
57%
Danger Days: The True Lives of the Fabulous Killjoys(2010)Planetary(GO!)
55%
I Brought You My Bullets, You Brought Me Your Love(2002)Skylines and Turnstiles
55%
Conventional Weapons(2012)Boy Division
54%
Three Cheers for Sweet Revenge(2004)I Never Told You What I Do for a Living
54%
The Black Parade(Bonus)(2006)Kill All Your Friends
54%
Danger Days: The True Lives of the Fabulous Killjoys(2010)Look Alive, Sunshine
54%
Danger Days: The True Lives of the Fabulous Killjoys(2010)The Kids from Yesterday
54%
Three Cheers for Sweet Revenge(2004)Hang 'Em High
53%
Three Cheers for Sweet Revenge(2004)Interlude
53%
I Brought You My Bullets, You Brought Me Your Love(2002)Early Sunsets Over Monroeville
51%
Three Cheers for Sweet Revenge(2004)It's Not a Fashion Statement, It's a Deathwish
51%
Non-Album(2019)The Foundations of Decay
51%
Three Cheers for Sweet Revenge(2004)The Jetset Life is Gonna Kill You
50%
Conventional Weapons(2012)Gun.
49%
Danger Days: The True Lives of the Fabulous Killjoys(2010)Save Yourself, I'll Hold Them Back
49%
Danger Days: The True Lives of the Fabulous Killjoys(2010)Summertime
49%
Conventional Weapons(2012)The Light Behind Your Eyes
49%
Danger Days: The True Lives of the Fabulous Killjoys(2010)Goodnight, Dr. Death
47%
May Death Never Stop You(2014)Fake Your Death
46%
Conventional Weapons(2012)Kiss the Ring
46%
I Brought You My Bullets, You Brought Me Your Love(2002)Our Lady of Sorrows
46%
Life on the Murder Scene(2006)Desert Song
45%
Danger Days: The True Lives of the Fabulous Killjoys(2010)The Only Hope for Me is You
45%
Conventional Weapons(2012)The World is Ugly
45%
Danger Days: The True Lives of the Fabulous Killjoys(2010)Jet-Star and the Kobra Kid/Traffic Report
43%
I Brought You My Bullets, You Brought Me Your Love(2002)Headfirst for Halos
42%
Three Cheers for Sweet Revenge(Bonus)(2004)Bury Me in Black
41%
I Brought You My Bullets, You Brought Me Your Love(2002)Drowning Lessons
41%
Living With Ghosts(2016)Emily
39%
Conventional Weapons(2012)Make Room!!!
39%
The Black Parade(Bonus)(2006)My Way Home is Through You
38%
The Mad Gear and Missile Kid(2010)F.T.W.W.W.
37%
The Black Parade(Bonus)(2006)Heaven Help Us
37%
I Brought You My Bullets, You Brought Me Your Love(2002)This is the Best Day Ever
36%
Conventional Weapons(2012)Tomorrow's Money
36%
Conventional Weapons(2012)Burn Bright
33%
I Brought You My Bullets, You Brought Me Your Love(2002)Honey, This Mirror Isn't Big Enough For the Both of Us
32%
The Mad Gear and Missile Kid(2010)Mastas of Ravenkroft
32%
Conventional Weapons(2012)Surrender the Night
32%
The Mad Gear and Missile Kid(2010)Black Dragon Fighting Society
30%
Living With Ghosts(2016)All the Angels
28%
Danger Days: The True Lives of the Fabulous Killjoys(Bonus)(2010)We Don't Need Another Song About California
28%
Danger Days: The True Lives of the Fabulous Killjoys(Bonus)(2010)Zero Percent
28%
Non-Album(2017)Every Snowflake Is Different
25%
Living With Ghosts(2016)The Five of Us Are Dying
25%
Living With Ghosts(2016)Not That Kind of Girl
21%
Living With Ghosts(2016)Party at the End of the World
21%
Non-Album(2020)An Offering
11%
Non-Album(2012)Hell Hath No Fury
5%

Score Distribution

Percentile by Number Answered

Percent of People with Each Score

Your Score History

You have not taken this quiz since the last reset